00531nam a2200157Ia 4500003000900000008004100009040001600050080001600066245013100082260006000213300001500273650002300288650001900311650002200330700002100352IN-BaIIA211028s9999 xx 000 0 eng d cIIA Library a5(091)bPRA 4aThe prgoress of science in India during the past twenty-five yearscedited by B. Prashad  aCalcuttabThe Indian Science Congress Associationc1938 alvi, 767p. aHistorical science aNASA Thesaurus aScience-historial aPrashad, B., ed.